000
00296nam a22001217a 4500
040
_c
NUST
082
_a
909 HIN
100
_a
But, Muhamamd Ahsan
_9
114457
245
_a
Tehzeboo ka Tasadam
260
_a
Lahore:
_b
Mustaq Press,
_c
2003.
650
_a
Tehzeboo ka Tasadam
_9
114458
942
_2
ddc
_c
BK
999
_c
595772
_d
595772